000 00625nam a2200181 a 4500
001 000036264
005 20200930075633.0
008 120112s1934 sp a 000 0 spa d
040 _aDO-SdBNP
_bspa
_cBNPHU
100 1 _aTorner de la Fuente, Jorge
_962371
245 1 0 _aCurso de mecánica racional /
_cpor Jorge Torner de la Fuente ; considerablemente aumentada por Fernando Peña y Serrano.
250 _a2a. ed.
260 _aMadrid :
_bLibrería Internacional de Romo,
_c1934.
300 _a2 v. ;
_c20 cm.
490 0 _aBiblioteca tecnológica
650 2 4 _aMecánca
_962372
700 1 _aPeña y Serrano, Fernando
_962373
999 _c35755
_d35755